000 00490nam a2200217Ia 4500
008 210210b1931 xxu||||| |||| 00| 0 eng d
041 _aeng
082 _a828/149
100 _aCHARTERIS (Evan)
245 _aLife and letters of Sir Edmund Gosse
260 _aLondon
_bWilliam Heinemann Ltd.
_c1931
650 _aSir
650 _aof
650 _aLife
650 _aletters
650 _aGosse
650 _aEdmund
650 _aand
690 _aBiography
906 _a015994
999 _c135384
_d135384